Fundamentals of supply chain management twelve drivers of competitive advantage /

Bibliographic Details
Main Author: Mentzer, John T.
Corporate Author: ProQuest (Firm)
Format: Electronic eBook
Language:English
Published: Thousand Oaks, Calif. : Sage Publications, c2004.
Subjects:
Online Access:Click to View
LEADER 01365nam a2200361Ia 4500
001 EBC996434
003 MiAaPQ
005 20200520144314.0
006 m o d |
007 cr cn|||||||||
008 031223s2004 caua sb 001 0 eng d
010 |z  2003027866 
020 |z 0761929088 (acid-free paper) 
020 |z 9780761929086 
020 |z 9781452222141 (ebook) 
035 |a (MiAaPQ)EBC996434 
035 |a (Au-PeEL)EBL996434 
035 |a (CaPaEBR)ebr10582120 
035 |a (CaONFJC)MIL659588 
035 |a (OCoLC)809771926 
040 |a MiAaPQ  |c MiAaPQ  |d MiAaPQ 
050 4 |a HD38.5  |b .M463 2004 
100 1 |a Mentzer, John T. 
245 1 0 |a Fundamentals of supply chain management  |h [electronic resource] :  |b twelve drivers of competitive advantage /  |c John T. Mentzer. 
260 |a Thousand Oaks, Calif. :  |b Sage Publications,  |c c2004. 
300 |a 293 p. :  |b ill. 
504 |a Includes bibliographical references (p. 257-273) and index. 
533 |a Electronic reproduction. Ann Arbor, MI : ProQuest, 2015. Available via World Wide Web. Access may be limited to ProQuest affiliated libraries. 
650 0 |a Business logistics  |x Management. 
650 0 |a Industrial management. 
655 4 |a Electronic books. 
710 2 |a ProQuest (Firm) 
856 4 0 |u https://ebookcentral.proquest.com/lib/matrademy/detail.action?docID=996434  |z Click to View